|
|
|
|
| LEADER |
01572nam a2200325 a 4500 |
| 001 |
00025326 |
| 008 |
120605s2010 bg ar f0 0ben |
| 020 |
|
|
|a 9789848920091
|
| 040 |
|
|
|a BD-DhAAL
|c BD-DhAAL
|
| 042 |
|
|
|a pcc
|
| 043 |
|
|
|a a-bg---
|
| 082 |
0 |
0 |
|a 378/.33/095492
|2 22
|
| 999 |
|
|
|c 12366
|d 12366
|
| 999 |
|
|
|c 12366
|
| 110 |
1 |
|
|a বাংলাদেশ.
|b বিশ্ববিদ্যালয় মঞ্জুরী কমিশন.
|9 10279
|
| 245 |
1 |
0 |
|a ৩৭তম বার্ষিক প্রতিবেদন ২০১০.
|
| 246 |
1 |
|
|i Parallel title on t.p. verso:
|a Annual report
|
| 246 |
1 |
|
|i Title on t.p. verso:
|a Barshik protibedon
|
| 260 |
|
|
|a ঢাকা :
|b বাংলাদেশ বিশ্ববিদ্যালয় মঞ্জুরী কমিশন,
|c ২০১০
|
| 300 |
|
|
|a xxix, 402 :
|b ill., col. map ;
|c 26 cm.
|
| 310 |
|
|
|a Annual
|
| 541 |
|
|
|e 00025326
|
| 546 |
|
|
|a In Bengali.
|
| 610 |
1 |
0 |
|a Bangladesh.
|b University Grants Commission
|v Periodicals.
|9 10280
|
| 650 |
|
0 |
|a Education, Higher
|z Bangladesh
|v Periodicals.
|9 10281
|
| 650 |
|
0 |
|a Government aid to higher education
|z Bangladesh
|v Periodicals.
|9 10282
|
| 852 |
1 |
|
|a Ayesha Abed Library
|c General Shelf.
|
| 942 |
|
|
|2 ddc
|c BK
|
| 952 |
|
|
|0 0
|1 0
|2 ddc
|4 0
|6 378_330954920000000_BAR
|7 0
|9 20445
|a BRACUL
|b BRACUL
|c GEN
|d 2012-06-06
|l 0
|o 378.33095492 BAR
|p 3010025326
|r 2012-06-06
|t 1
|w 2012-06-06
|y BK
|
| 952 |
|
|
|0 0
|1 0
|2 ddc
|4 0
|6 378_330954920000000_BAR
|7 0
|9 53310
|a BRACUL
|b BRACUL
|c GEN
|d 2015-03-25
|e UGC
|g 0.00
|l 1
|o 378.33095492 BAR
|p 3010029085
|r 2015-08-04
|s 2015-07-14
|t 2
|w 2015-03-25
|y BK
|